[Event "Litomysl"]
[Site "?"]
[Date "2018.01.29"]
[Round "1.1"]
[White "Eret, Matous"]
[Black "Skalsky, Alexandr"]
[Result "1-0"]
[WhiteElo "2177"]
[BlackElo "2029"]
[PlyCount "95"]
[EventDate "2018.??.??"]

1. b3 Nf6 2. Bb2 g6 3. d4 Bg7 4. Nc3 d5 5. Qd2 c5 6. e3 Nc6 7. O-O-O cxd4 8.
exd4 O-O 9. f3 Qc7 10. g4 Rd8 11. Kb1 a6 12. Nge2 b5 13. Ng3 b4 14. Nce2 a5 15.
g5 Ne8 16. Nc1 Nd6 17. h4 Bf5 18. Nxf5 Nxf5 19. Ne2 Rac8 20. Bh3 e6 21. Bxf5
exf5 22. h5 Na7 23. hxg6 hxg6 24. Qd3 Qc6 25. a4 bxa3 26. Bxa3 a4 27. Bc5 axb3
28. cxb3 Nb5 29. Nc3 Rb8 30. Nxb5 Rxb5 31. b4 Rdb8 32. Rh2 Bxd4 33. Qxd4 f6 34.
Qxd5+ Qxd5 35. Rxd5 fxg5 36. Rg2 Kf7 37. Kc2 Ke6 38. Rd6+ Ke5 39. Rxg6 Rc8 40.
Kd3 Kf4 41. R6xg5 Rd8+ 42. Kc4 Rb7 43. Rg7 Rxg7 44. Rxg7 Kxf3 45. b5 f4 46. b6
Ke2 47. Kb5 f3 48. Rf7 1-0

[Event "Litomysl"]
[Site "?"]
[Date "2018.01.29"]
[Round "1.2"]
[White "Nehyba, Martin"]
[Black "Petr, Jakub"]
[Result "1/2-1/2"]
[WhiteElo "2003"]
[BlackElo "2122"]
[PlyCount "68"]
[EventDate "2018.??.??"]

1. d4 Nf6 2. c4 g6 3. Nc3 d5 4. cxd5 Nxd5 5. e4 Nxc3 6. bxc3 Bg7 7. Rb1 O-O 8.
Nf3 c5 9. Be2 cxd4 10. cxd4 Qa5+ 11. Bd2 Qxa2 12. O-O Bg4 13. Rxb7 Nc6 14. d5
Bxf3 15. Bxf3 Ne5 16. Bc3 Rab8 17. Rxe7 Nxf3+ 18. Qxf3 Rb3 19. Rc7 Qa3 20. Bxg7
Rxf3 21. Bxf8 Kxf8 22. gxf3 Qxf3 23. Re1 Qg4+ 24. Kf1 Qh3+ 25. Ke2 Qxh2 26.
Rxa7 Qb8 27. Raa1 Qf4 28. f3 h5 29. Red1 g5 30. d6 Qh2+ 31. Ke3 Qf4+ 32. Ke2
Qh2+ 33. Kf1 Qh1+ 34. Ke2 Qh2+ 1/2-1/2

[Event "Litomysl"]
[Site "?"]
[Date "2018.01.29"]
[Round "1.3"]
[White "Bulockin, Martin"]
[Black "Kures, Michael"]
[Result "1-0"]
[WhiteElo "2120"]
[BlackElo "1986"]
[PlyCount "74"]
[EventDate "2018.??.??"]

1. e4 c5 2. Nf3 Nc6 3. d4 cxd4 4. Nxd4 Nf6 5. Nc3 e6 6. Ndb5 d6 7. Bf4 e5 8.
Bg5 a6 9. Na3 h6 10. Bxf6 Qxf6 11. Nd5 Qd8 12. c3 Ne7 13. Bc4 Nxd5 14. Bxd5 Rb8
15. Qb3 Qf6 16. Bc6+ Bd7 17. Bxd7+ Kxd7 18. Qa4+ Kd8 19. O-O Qe7 20. Rad1 Qd7
21. Qa5+ Ke8 22. Nc4 Qc6 23. Nxe5 Qc8 24. Nd3 b6 25. Qd5 Qb7 26. Qf5 Qd7 27.
Qf3 Qb7 28. Qg3 Rd8 29. Rfe1 f6 30. Nb4 Kf7 31. e5 fxe5 32. Rxe5 dxe5 33. Rxd8
Rg8 34. Rd1 Bxb4 35. cxb4 Qe4 36. Qb3+ Ke7 37. Qxg8 b5 1-0

[Event "Litomysl"]
[Site "?"]
[Date "2018.01.29"]
[Round "1.4"]
[White "Szotkowski, David"]
[Black "Sprenar, Petr"]
[Result "1/2-1/2"]
[WhiteElo "1913"]
[BlackElo "2106"]
[PlyCount "33"]
[EventDate "2018.??.??"]

1. d4 Nf6 2. c4 e6 3. g3 Bb4+ 4. Nd2 O-O 5. Bg2 d5 6. Ngf3 dxc4 7. a3 Bxd2+ 8.
Bxd2 Nc6 9. e3 Re8 10. O-O Qd6 11. Qc2 e5 12. dxe5 Nxe5 13. Nxe5 Qxe5 14. Bc3
Qe7 15. Bxf6 Qxf6 16. Qxc4 Qe7 17. Rac1 1/2-1/2

[Event "Litomysl"]
[Site "?"]
[Date "2018.01.29"]
[Round "1.5"]
[White "Mladek, Richard"]
[Black "Polansky, Adam Lubos"]
[Result "1/2-1/2"]
[WhiteElo "2091"]
[BlackElo "1864"]
[PlyCount "123"]
[EventDate "2018.??.??"]

1. b3 e5 2. Bb2 Nc6 3. e3 Nf6 4. Bb5 Bd6 5. Na3 Na5 6. Be2 a6 7. c4 Qe7 8. Nc2
Nc6 9. Nf3 O-O 10. d4 exd4 11. Nfxd4 Nxd4 12. Bxd4 Be5 13. O-O d6 14. Bf3 c5
15. Bxe5 dxe5 16. e4 Rd8 17. Qe2 Be6 18. Rab1 a5 19. Ne3 Ne8 20. Bg4 Nc7 21.
Rfe1 Bxg4 22. Qxg4 Ne6 23. Rbd1 Nd4 24. Nd5 Qd6 25. a4 Qe6 26. Qh4 Rd7 27. Rd3
Re8 28. Rg3 Kh8 29. Rh3 h6 30. g4 f6 31. Kh1 Kg8 32. Rd3 Qf7 33. Qg3 Ne6 34.
Red1 Rdd8 35. Qe3 Nd4 36. h4 h5 37. Rg1 Kh7 38. g5 fxg5 39. hxg5 Re6 40. Qh3 g6
41. Nf6+ Kg7 42. Rgd1 Rdd6 43. Qg2 Qe7 44. Qg3 Ne2 45. Qe3 Rxd3 46. Rxd3 Nd4
47. Rd1 Rb6 48. Rd3 Rd6 49. Rd1 Rb6 50. Nd5 Qd8 51. Nxb6 Qxb6 52. f4 Qe6 53.
Rf1 Qg4 54. Kh2 Ne2 55. fxe5 Qh4+ 56. Kg2 Qg4+ 57. Kh2 Qh4+ 58. Qh3 Qxg5 59. e6
Qe5+ 60. Kg2 Nf4+ 61. Rxf4 Qxf4 62. Qc3+ 1/2-1/2

[Event "Litomysl"]
[Site "?"]
[Date "2018.01.29"]
[Round "1.6"]
[White "Sykora, Marek"]
[Black "Svanda, Ondrej"]
[Result "0-1"]
[WhiteElo "1847"]
[BlackElo "2071"]
[PlyCount "110"]
[EventDate "2018.??.??"]

1. e4 c5 2. Nc3 g6 3. g3 Bg7 4. Bg2 Nc6 5. d3 d6 6. f4 e6 7. Nf3 Nge7 8. O-O
O-O 9. Be3 b6 10. d4 Ba6 11. Re1 Qc7 12. d5 exd5 13. Nxd5 Nxd5 14. exd5 Na5 15.
Rb1 Qd7 16. c3 Rfe8 17. Nd2 Re7 18. Qc2 Rae8 19. Bf2 f5 20. Rxe7 Rxe7 21. Re1
Rxe1+ 22. Bxe1 Qe8 23. Bf2 Nc4 24. Nxc4 Bxc4 25. b3 Qe2 26. Qxe2 Bxe2 27. Be1
Bd3 28. a3 Bc2 29. b4 Bb3 30. b5 Bc4 31. a4 Bb3 32. Bf1 Bxd5 33. c4 Be4 34. Kf2
Bd4+ 35. Ke2 Kf7 36. a5 Ke6 37. axb6 axb6 38. Kd2 d5 39. Bd3 dxc4 40. Bxc4+ Bd5
41. Kd3 Kd6 42. h3 h5 43. Bd2 Be4+ 44. Ke2 Ke7 45. Kf1 Kf6 46. Bc1 Bf3 47. Bd2
Bb7 48. Bc1 Ke7 49. Ke2 Bg2 50. h4 Bb7 51. Bd2 Bc8 52. Kf3 Be6 53. Bd3 Bd5+ 54.
Ke2 Kd6 55. Ke1 c4 0-1

[Event "Litomysl"]
[Site "?"]
[Date "2018.01.29"]
[Round "1.7"]
[White "Stinka, Jakub"]
[Black "Broz, Petr"]
[Result "1-0"]
[WhiteElo "2050"]
[BlackElo "1754"]
[PlyCount "136"]
[EventDate "2018.??.??"]

1. e4 e6 2. d4 d5 3. Nd2 c5 4. Ngf3 Nc6 5. exd5 exd5 6. dxc5 Bxc5 7. Nb3 Bb6 8.
Be2 Nf6 9. Nbd4 a6 10. O-O O-O 11. c3 Re8 12. Re1 Ne4 13. Be3 Qf6 14. Nc2 Ne7
15. Bd4 Qd6 16. Ne3 Nf5 17. Nxf5 Bxf5 18. Bf1 Bc7 19. g3 Bg4 20. Bg2 Re7 21.
Be3 Qf6 22. Qd4 Qe6 23. Qd3 Rae8 24. Nd4 Qf6 25. f3 Nc5 26. Qd2 Bc8 27. Bf2 Bd6
28. Rxe7 Rxe7 29. Re1 Rxe1+ 30. Qxe1 Bd7 31. Bf1 Qg6 32. Qd1 Ne6 33. Bd3 Qf6
34. Qe2 Nxd4 35. Bxd4 Qe6 36. Qxe6 fxe6 37. f4 Kf7 38. Kf2 h6 39. h4 Be7 40.
Ke3 Bf6 41. h5 Bc6 42. Be5 Bd8 43. Bg6+ Kf8 44. Bd6+ Be7 45. Be5 Bc5+ 46. Bd4
Be7 47. Bc2 Bf6 48. a4 Ke7 49. Be5 b5 50. axb5 Bxb5 51. Bd1 Kd7 52. Kd4 Bd8 53.
Bxg7 Bb6+ 54. Ke5 Ke7 55. c4 Bxc4 56. Bxh6 Bc7+ 57. Kd4 Bb6+ 58. Kc3 Bf2 59. g4
Be1+ 60. Kd4 Ba5 61. Bg5+ Kd6 62. h6 Bb5 63. Bf6 Bb6+ 64. Kc3 Bf2 65. Bd4 Be1+
66. Kc2 Be8 67. h7 e5 68. h8=Q exd4 1-0

[Event "Litomysl"]
[Site "?"]
[Date "2018.01.29"]
[Round "1.8"]
[White "Babula, Vlastimil"]
[Black "Vojta, Jakub"]
[Result "0-1"]
[WhiteElo "1836"]
[BlackElo "2087"]
[PlyCount "176"]
[EventDate "2018.??.??"]

1. e4 c5 2. Nf3 d6 3. d4 cxd4 4. Nxd4 Nf6 5. Nc3 a6 6. Bc4 e6 7. a4 Be7 8. O-O
O-O 9. Kh1 Nc6 10. f4 d5 11. exd5 exd5 12. Be2 Qb6 13. Nxc6 bxc6 14. a5 Qc7 15.
Be3 Bf5 16. Bf3 Bb4 17. Bb6 Qd7 18. Bd4 Qd8 19. Bb6 Qc8 20. Qd4 Bxc3 21. bxc3
Bxc2 22. Rae1 Be4 23. Bxe4 dxe4 24. Re3 Re8 25. Rg3 Kh8 26. f5 Qd7 27. Qe3 Nd5
28. Bd4 f6 29. Qd2 Rad8 30. Qc1 Qd6 31. c4 Nb4 32. Bb6 Rd7 33. Qe1 Nd3 34. Qe2
Qe5 35. Qh5 c5 36. Qe2 Nf4 37. Qg4 Ree7 38. Bxc5 Qxc5 39. Qxf4 Re5 40. Rb3 Rd8
41. Qd2 Rde8 42. Rb7 Rxf5 43. Rfb1 Qxc4 44. Qd1 Qd3 45. Re7 Rd8 46. Qe1 Re5 47.
Reb7 Rb5 48. R7xb5 axb5 49. h3 e3 50. a6 e2 51. a7 h6 52. Kh2 Qe3 53. Ra1 Ra8
54. Ra2 Rxa7 55. Rxe2 Qf4+ 56. Kh1 Qf5 57. Re8+ Kh7 58. Rb8 Re7 59. Qb4 Re4 60.
Qb1 Rf4 61. Qxf5+ Rxf5 62. Kh2 Kg6 63. Kg3 Re5 64. Kf3 Kg5 65. Rb7 g6 66. Rb6
Rc5 67. g3 Rc3+ 68. Kf2 Rb3 69. Kg2 b4 70. Kf2 Rb2+ 71. Kf3 f5 72. Rb5 Rb3+ 73.
Kf2 h5 74. Rb6 h4 75. gxh4+ Kxh4 76. Rxg6 Kxh3 77. Rb6 Kg4 78. Rb5 f4 79. Rb8
Rb2+ 80. Kg1 b3 81. Kf1 Kf3 82. Ke1 Rb1+ 83. Kd2 Kf2 84. Rh8 f3 85. Rf8 Kg2 86.
Rg8+ Kf1 87. Rg7 f2 88. Rg3 b2 0-1

[Event "Litomysl"]
[Site "?"]
[Date "2018.01.29"]
[Round "1.9"]
[White "Gnojek, Petr"]
[Black "Kusa, Jakub"]
[Result "1/2-1/2"]
[WhiteElo "2018"]
[BlackElo "1825"]
[PlyCount "104"]
[EventDate "2018.??.??"]

1. d4 Nf6 2. c4 e6 3. Nf3 d5 4. Nc3 Be7 5. Bg5 Nbd7 6. e3 h6 7. Bh4 O-O 8. Bd3
c5 9. O-O b6 10. cxd5 Nxd5 11. Bxe7 Qxe7 12. Bb5 Nxc3 13. bxc3 Bb7 14. Re1 Rfd8
15. Qe2 Rac8 16. Rac1 e5 17. e4 cxd4 18. cxd4 exd4 19. Rxc8 Rxc8 20. Nxd4 Rd8
21. Nf5 Qf6 22. h3 Nc5 23. Ng3 Qf4 24. Bc4 Rd2 25. Qe3 Qxe3 26. Rxe3 Rc2 27.
Bb3 Nxb3 28. axb3 a5 29. Nf5 Bc8 30. Nd6 Be6 31. f4 Rb2 32. f5 Bxb3 33. e5 Bd5
34. e6 Rb1+ 35. Kf2 Rb2+ 36. Kg1 Rb1+ 37. Kf2 Rb2+ 38. Ke1 fxe6 39. fxe6 Bxe6
40. Rxe6 Rxg2 41. Nc4 b5 42. Nxa5 Rg3 43. Rb6 Rxh3 44. Rxb5 Re3+ 45. Kf2 Re6
46. Nc4 Kf7 47. Ne3 g6 48. Ng4 h5 49. Ne5+ Kg7 50. Nf3 Rf6 51. Kg3 Rf5 52. Rxf5
gxf5 1/2-1/2

[Event "Litomysl"]
[Site "?"]
[Date "2018.01.29"]
[Round "1.10"]
[White "Jares, Michal"]
[Black "Jun, Rudolf"]
[Result "0-1"]
[WhiteElo "1802"]
[BlackElo "1947"]
[PlyCount "126"]
[EventDate "2018.??.??"]

1. d4 Nf6 2. c4 d6 3. Nf3 g6 4. g3 Bg7 5. Bg2 O-O 6. O-O Nh5 7. Nc3 e5 8. d5 f5
9. Ng5 c6 10. e4 f4 11. Ne6 Bxe6 12. dxe6 Qe7 13. Bh3 Bh6 14. b3 Na6 15. Ba3
Rad8 16. Qd3 Nc5 17. Bxc5 dxc5 18. Nd5 cxd5 19. exd5 Nf6 20. f3 fxg3 21. hxg3
Nh5 22. Kh2 Rd6 23. b4 b6 24. bxc5 bxc5 25. Rab1 Bf4 26. Qb3 Qh4 27. gxf4 Qg3+
28. Kh1 Qxh3+ 29. Kg1 Qg3+ 30. Kh1 Rb6 31. e7 Rxb3 32. exf8=Q+ Kxf8 33. Rxb3
Nxf4 34. Rb2 Qh3+ 35. Kg1 Qg3+ 36. Kh1 Nh5 37. d6 Qh3+ 38. Kg1 Ng3 39. Rfb1
Qh1+ 40. Kf2 Qh2+ 41. Ke3 Nf5+ 42. Ke4 Qf4+ 43. Kd5 Qd4+ 44. Kc6 Qxd6+ 45. Kb7
Qd7+ 46. Ka8 Nd6 47. Rb8+ Ke7 48. Rh8 Ke6 49. Kb8 a5 50. Rb6 Kf5 51. Rf8+ Kg5
52. Rh8 Nxc4 53. Rb7 Qd6+ 54. Ka7 h5 55. Rhb8 Qc6 56. Rb1 Nd6 57. R8b2 Qc7+ 58.
Ka6 Nc4 59. Rg2+ Kh6 60. Rb7 Qc8 61. Ka7 Nd6 62. Rbb2 Qc6 63. Kb8 Nb5 0-1

[Event "Litomysl"]
[Site "?"]
[Date "2018.01.29"]
[Round "1.11"]
[White "Keprt, Tomas"]
[Black "Hofman, Krystof"]
[Result "1/2-1/2"]
[WhiteElo "1900"]
[BlackElo "1765"]
[PlyCount "60"]
[EventDate "2018.??.??"]

1. e4 c5 2. Nf3 d6 3. d4 cxd4 4. Nxd4 Nf6 5. Nc3 g6 6. Be3 Bg7 7. Bc4 O-O 8. f3
Nc6 9. Qd2 Bd7 10. O-O a6 11. a3 Rc8 12. Nxc6 Bxc6 13. Bb3 b5 14. Rad1 Qc7 15.
Rf2 Rfd8 16. Nd5 Bxd5 17. exd5 Nd7 18. c3 Ne5 19. Bd4 Qb7 20. Re2 Re8 21. f4
Nc4 22. Bxc4 Rxc4 23. Bxg7 Kxg7 24. Qe3 e5 25. fxe5 Rxe5 26. Qf3 Rf5 27. Qd3
Rc5 28. Qd4+ Kg8 29. Ree1 {Kg7 Re2+} f6 30. Qd3 Re5 1/2-1/2

[Event "Litomysl"]
[Site "?"]
[Date "2018.01.29"]
[Round "1.12"]
[White "Stastny, Jakub"]
[Black "Hak, David"]
[Result "1-0"]
[WhiteElo "1752"]
[BlackElo "1889"]
[PlyCount "111"]
[EventDate "2018.??.??"]

1. d4 d5 2. c4 e6 3. Nc3 Nf6 4. Bg5 Be7 5. e3 b6 6. cxd5 exd5 7. Nf3 Bg4 8.
Qa4+ c6 9. Ne5 Bd7 10. Qc2 Ng4 11. Bxe7 Qxe7 12. Nf3 Be6 13. Be2 Nd7 14. O-O
O-O 15. a3 f5 16. Rfd1 Rac8 17. Ba6 Rce8 18. Bd3 g6 19. b4 Kh8 20. Ne2 Qd6 21.
Rac1 Nb8 22. Nf4 Bd7 23. h3 Nh6 24. Ne2 Rf6 25. Ne5 Nf7 26. f4 Qe7 27. Qb2 Rc8
28. Rd2 Re6 29. Rdc2 Qf6 30. a4 Qg7 31. Qa3 Nxe5 32. dxe5 Ree8 33. Nd4 Qe7 34.
a5 b5 35. Qb2 Kg8 36. Qa3 Na6 37. Nxc6 Bxc6 38. Rxc6 Rxc6 39. Rxc6 Nxb4 40. Rd6
Nxd3 41. Qxd3 Qb7 42. Rxd5 Rb8 43. Rd7 Qc6 44. Qb3+ Qc4 45. Qxc4+ bxc4 46. Rc7
Rb5 47. Rxc4 Rxa5 48. Rc7 Ra3 49. Kf2 Ra4 50. Kf3 a6 51. g4 h6 52. Ra7 a5 53.
gxf5 gxf5 54. e6 Kh8 55. e7 Re4 56. Ra8+ 1-0

[Event "Litomysl"]
[Site "?"]
[Date "2018.01.29"]
[Round "1.13"]
[White "Nguyen, Thai Dai Vinh"]
[Black "Kolar, Jan"]
[Result "1-0"]
[WhiteElo "1869"]
[BlackElo "1694"]
[PlyCount "67"]
[EventDate "2018.??.??"]

1. e4 c5 2. Nf3 e6 3. d4 cxd4 4. Nxd4 Nc6 5. Nb3 d6 6. Nc3 Be7 7. Be3 Nf6 8.
Be2 O-O 9. O-O a6 10. f4 b5 11. Bf3 e5 12. Nd5 Bb7 13. f5 Nxd5 14. exd5 Na5 15.
Nxa5 Qxa5 16. Be4 Rac8 17. f6 Bxf6 18. Rxf6 Qb4 19. Bf5 gxf6 20. Qh5 Rfe8 21.
Qxh7+ Kf8 22. Be6 Rxe6 23. dxe6 fxe6 24. Qxb7 Rxc2 25. Rf1 f5 26. Bg5 Qd4+ 27.
Kh1 Rf2 28. Qe7+ Kg8 29. Qxe6+ Kg7 30. Qf6+ Kg8 31. Qg6+ Kf8 32. Rc1 Qc4 33.
Qxd6+ Kg8 34. Qb8+ 1-0

[Event "Litomysl"]
[Site "?"]
[Date "2018.01.29"]
[Round "1.14"]
[White "Flajsman, Petr"]
[Black "Rokos, Filip"]
[Result "1/2-1/2"]
[WhiteElo "1667"]
[BlackElo "1843"]
[PlyCount "147"]
[EventDate "2018.??.??"]

1. e4 e5 2. Nf3 Nc6 3. Bc4 Bc5 4. Nc3 d6 5. d3 Nf6 6. h3 Be6 7. Bxe6 fxe6 8.
Be3 Bb6 9. O-O O-O 10. Bxb6 axb6 11. d4 exd4 12. Nxd4 Qe8 13. f3 Nh5 14. Nxc6
bxc6 15. Ne2 Qg6 16. Qd3 Rf6 17. Qc3 c5 18. Rad1 e5 19. Qb3+ Kh8 20. Rd3 Raf8
21. Rf2 Qg5 22. Kf1 Qh4 23. Qa4 R6f7 24. Qc4 g5 25. Qe6 Nf6 26. Nc3 b5 27. Re3
Qf4 28. Nd1 Ng8 29. Qg4 Qf6 30. Nc3 Qg6 31. Ree2 h5 32. Qg3 h4 33. Qh2 Nf6 34.
Re3 b4 35. Ne2 Nh5 36. g4 Ng7 37. c3 Qe6 38. Nc1 Rb8 39. Rc2 Qd7 40. c4 Ne6 41.
Ne2 Ra8 42. b3 Ra3 43. Kf2 Rf8 44. Qh1 Rfa8 45. Qb1 Qc6 46. Rd3 Qa6 47. Rdd2
Qb7 48. Rb2 Nd4 49. Nxd4 cxd4 50. Ke2 c6 51. Qc1 R3a5 52. Rdc2 Rc5 53. Qxg5 Qh7
54. Qf6+ Qg7 55. Qxd6 Rca5 56. Qxb4 c5 57. Qd2 R5a7 58. Rc1 Qf6 59. Rg1 Rf8 60.
Rf1 Rb7 61. Kd3 Qg6 62. Qc1 Rbf7 63. Rbf2 Rf4 64. Qa3 Qb6 65. Qb2 Rb8 66. Rb1
Rf7 67. Qd2 Rf4 68. Qb2 Rbf8 69. Rbf1 Rb8 70. Qa3 Qc6 71. Qa7 Qd6 72. Qa5 Qc6
73. Qa3 Ra8 74. Qb2 1/2-1/2

[Event "Litomysl"]
[Site "?"]
[Date "2018.01.29"]
[Round "1.15"]
[White "Trasakova, Adela"]
[Black "Nemcova, Karin"]
[Result "0-1"]
[WhiteElo "1462"]
[BlackElo "2068"]
[PlyCount "108"]
[EventDate "2018.??.??"]

1. d4 d5 2. Nf3 Nf6 3. Bf4 e6 4. e3 Bd6 5. c3 O-O 6. Bd3 b6 7. O-O Bb7 8. Nbd2
c5 9. Ne5 Nc6 10. Ndf3 Qc7 11. h3 h6 12. Qe2 Nd7 13. Nxd7 Qxd7 14. Bxd6 Qxd6
15. dxc5 bxc5 16. e4 Ne5 17. Nxe5 Qxe5 18. exd5 Qxd5 19. f3 Rfd8 20. Be4 Qd7
21. Rad1 Qc7 22. Bxb7 Qxb7 23. Rd2 Rxd2 24. Qxd2 Rb8 25. Rf2 Qb6 26. Kh1 Rd8
27. Qc2 Qd6 28. b3 Qf4 29. c4 Rd4 30. Re2 Qd6 31. Kg1 Rd1+ 32. Kf2 Qd4+ 33. Kg3
Qd6+ 34. Kf2 Rd4 35. Kg1 h5 36. Kf2 h4 37. Kf1 Rd1+ 38. Re1 Rd2 39. Qe4 Qg3 40.
Re2 Rd4 41. Qc2 Qd6 42. Re1 g6 43. Qe2 Rd2 44. Qe4 Qg3 45. Re2 Rd1+ 46. Re1 Rd2
47. Re2 Rd4 48. Qc2 Qd6 49. Re1 Rd2 50. Qe4 Rxa2 51. Qxh4 Qd3+ 52. Kg1 Qxb3 53.
Qe4 Qb2 54. Qg4 Qf2+ 0-1

[Event "Litomysl"]
[Site "?"]
[Date "2018.01.29"]
[Round "1.16"]
[White "Richterova, Julie"]
[Black "Voriskova, Anna"]
[Result "1-0"]
[WhiteElo "1908"]
[BlackElo "1446"]
[PlyCount "141"]
[EventDate "2018.??.??"]

1. d4 d5 2. c4 e6 3. Nc3 Nf6 4. cxd5 exd5 5. Bg5 Be7 6. e3 Bf5 7. Nf3 O-O 8.
Qb3 Nc6 9. Bxf6 Bxf6 10. Qxd5 Bg6 11. Qxd8 Raxd8 12. Be2 Rfe8 13. O-O Ne7 14.
Rac1 c6 15. b4 a6 16. Na4 Nd5 17. a3 Rd7 18. Nc5 Rc7 19. Bc4 Rd8 20. Rfe1 Nb6
21. Bb3 Nc8 22. Rc3 Nd6 23. a4 b6 24. Nd3 Ne4 25. Rcc1 Rdc8 26. Nde5 Be7 27.
Nxg6 hxg6 28. Rb1 Kf8 29. Bc2 Nf6 30. Bd3 b5 31. axb5 cxb5 32. e4 Rc3 33. Bf1
Re8 34. Nd2 Bd8 35. Rb3 Rxb3 36. Nxb3 Nxe4 37. Ra1 Re6 38. f3 Nf6 39. Nc5 Rd6
40. Nxa6 Rxd4 41. Bxb5 Bb6 42. Kf1 Rd5 43. Bc6 Rd6 44. b5 Nd5 45. Ra2 Ne7 46.
Be4 f5 47. Bc2 Rd5 48. Rb2 Nc8 49. Ba4 Nd6 50. Nb4 Re5 51. Nc6 Rc5 52. Rb4 Rd5
53. Nb8 Ke8 54. Rb1 Rc5 55. Re1+ Kd8 56. Nc6+ Kc8 57. Ne7+ Kb7 58. Nxg6 Nxb5
59. Re7+ Kb8 60. g3 Rc1+ 61. Kg2 Rg1+ 62. Kh3 Nd4 63. f4 Nf3 64. Bc6 Nd4 65.
Bd5 Bc7 66. Rxg7 Rd1 67. Bg2 Bd8 68. Ne5 Ne2 69. Nc6+ Kc8 70. Nxd8 Rxd8 71. Bf3
1-0

[Event "Litomysl"]
[Site "?"]
[Date "2018.01.29"]
[Round "1.17"]
[White "Lorencova, Michaela"]
[Black "Gresova, Zuzana"]
[Result "1/2-1/2"]
[WhiteElo "1439"]
[BlackElo "1860"]
[PlyCount "43"]
[EventDate "2018.??.??"]

1. e4 c5 2. Nf3 d6 3. d4 cxd4 4. Nxd4 Nf6 5. Nc3 a6 6. Be2 e5 7. Nb3 Be6 8. O-O
Be7 9. Be3 O-O 10. f4 b5 11. a3 Bc8 12. Bf3 Bb7 13. Qe1 Nbd7 14. Rd1 Rc8 15.
Qg3 Re8 16. Kh1 Rxc3 17. bxc3 Nxe4 18. Bxe4 Bxe4 19. Rd2 Qc7 20. fxe5 Nxe5 21.
Bd4 Bg6 22. Re2 1/2-1/2

[Event "Litomysl"]
[Site "?"]
[Date "2018.01.29"]
[Round "1.18"]
[White "Vilimova, Julie"]
[Black "Beranova, Karin"]
[Result "1-0"]
[WhiteElo "1708"]
[BlackElo "1410"]
[PlyCount "71"]
[EventDate "2018.??.??"]

1. d4 d5 2. Bf4 c6 3. e3 e6 4. c3 f5 5. Bd3 Nf6 6. Nd2 Nbd7 7. Ngf3 Ne4 8. Ne5
Ndf6 9. Nxe4 dxe4 10. Bc4 b5 11. Bb3 Bd6 12. Nxc6 Qc7 13. Bxd6 Qxd6 14. Ne5 h5
15. Qe2 Rb8 16. h3 a5 17. a4 Bd7 18. Nxd7 Qxd7 19. axb5 Qxb5 20. Ba4 O-O 21.
Bxb5 Nd5 22. Bc4 f4 23. Bxd5 exd5 24. exf4 Rxf4 25. Qxh5 Rxb2 26. Qxd5+ Kh7 27.
O-O Rf6 28. Rxa5 Rbb6 29. Qh5+ Rh6 30. Qf5+ Rhg6 31. Qxe4 Rbf6 32. Rh5+ Kg8 33.
Qe8+ Rf8 34. Qxg6 Rxf2 35. Qe8+ Rf8 36. Rxf8# 1-0

[Event "Litomysl"]
[Site "?"]
[Date "2018.01.29"]
[Round "1.19"]
[White "Huskova, Agata"]
[Black "Gregurkova, Nikola"]
[Result "0-1"]
[WhiteElo "1408"]
[BlackElo "1625"]
[PlyCount "114"]
[EventDate "2018.??.??"]

1. e4 e5 2. Nf3 Nc6 3. Bc4 Nf6 4. d3 Be7 5. Nc3 O-O 6. Be3 d6 7. d4 exd4 8.
Nxd4 Ne5 9. Bb3 c5 10. Nde2 a6 11. a3 Be6 12. Ng3 b5 13. O-O Qc7 14. Nd5 Nxd5
15. Bxd5 Bxd5 16. Qxd5 Nc4 17. b3 Nxe3 18. fxe3 Bf6 19. Rad1 Be5 20. Nf5 Rad8
21. Rd2 g6 22. Nh6+ Kg7 23. Ng4 f6 24. Rfd1 Rf7 25. Nxe5 fxe5 26. Qe6 Rf6 27.
Qd5 Qb6 28. c4 b4 29. a4 Rdf8 30. Qd3 Qc6 31. Qd5 Qxd5 32. exd5 a5 33. e4 Rf4
34. Re2 h6 35. h3 g5 36. Rde1 Kg6 37. Kh2 Rf2 38. Kg1 R2f4 39. Kh2 h5 40. Kg1
g4 41. hxg4 hxg4 42. Kh2 Kg5 43. Kg3 Rf1 44. Re3 R8f2 45. Rxf1 Rxf1 46. Re2 Rb1
47. Re3 Rb2 48. Re1 Rxb3+ 49. Kh2 Ra3 50. Rf1 Rxa4 51. Rf5+ Kg6 52. Kg3 Ra2 53.
Kxg4 Rxg2+ 54. Kf3 Rg1 55. Ke2 b3 56. Rf8 Kg7 57. Rb8 b2 0-1

[Event "Litomysl"]
[Site "?"]
[Date "2018.01.29"]
[Round "1.20"]
[White "Vsetulova, Viktorie"]
[Black "Semova, Lada"]
[Result "0-1"]
[WhiteElo "1520"]
[BlackElo "1357"]
[PlyCount "80"]
[EventDate "2018.??.??"]

1. e4 e5 2. Nf3 Nc6 3. Bc4 Be7 4. d4 exd4 5. Nxd4 Nf6 6. Nc3 d6 7. Be3 Bd7 8.
Qf3 Ne5 9. Qe2 c5 10. Nf5 O-O 11. Nxe7+ Qxe7 12. Nd5 Nxd5 13. Bxd5 Bc6 14. Bxc6
Nxc6 15. Bf4 Nd4 16. Qd3 f5 17. Qc4+ Kh8 18. O-O-O b5 19. Qd3 fxe4 20. Qd2 Rxf4
21. c3 Ne6 22. Qd5 Raf8 23. Rhe1 Nc7 24. Qb7 Rxf2 25. Rxe4 Qg5+ 26. Kb1 Qxg2
27. Qxa7 Rxb2+ 28. Ka1 Rxa2+ 29. Qxa2 Qxe4 30. Qa7 Ra8 31. Qxa8+ Nxa8 32. Rxd6
h6 33. Rd8+ Kh7 34. Rc8 Qa4+ 35. Kb2 c4 36. h4 Nb6 37. Rc6 Qb3+ 38. Ka1 Qxc3+
39. Kb1 Na4 40. Rxc4 Qb2# 0-1

[Event "Litomysl"]
[Site "?"]
[Date "2018.01.29"]
[Round "1.21"]
[White "Maresova, Michaela"]
[Black "Pejrimovska, Viola Ruby"]
[Result "0-1"]
[WhiteElo "1186"]
[BlackElo "1504"]
[PlyCount "102"]
[EventDate "2018.??.??"]

1. e4 c5 2. Nf3 e6 3. d4 cxd4 4. Nxd4 a6 5. Nc3 d6 6. Be3 b5 7. Bd3 Bb7 8. O-O
Nf6 9. f3 Be7 10. Qd2 O-O 11. Rad1 Qc7 12. Rfe1 Nc6 13. Nxc6 Bxc6 14. a3 Nd7
15. Kh1 Ne5 16. Bf4 Rfd8 17. Be2 Nc4 18. Bxc4 bxc4 19. b3 cxb3 20. cxb3 Rab8
21. b4 Bf6 22. Ne2 Be7 23. Qe3 Rbc8 24. Rd2 Bb5 25. h3 Bf6 26. Red1 Be7 27. Rc1
Qb7 28. Rxc8 Rxc8 29. Bxd6 Bxe2 30. Qxe2 h6 31. Bxe7 Qxe7 32. Qxa6 Rc1+ 33. Kh2
Qg5 34. Rf2 Qe5+ 35. g3 Qa1 36. g4 Rh1+ 37. Kg3 Qg1+ 38. Rg2 Qe1+ 39. Kf4 Rxh3
40. Qe2 Qh4 41. Ke3 Qg5+ 42. Kd3 Qc1 43. Rf2 Qxa3+ 44. Kc4 Rh1 45. Qb2 Rc1+ 46.
Kb5 Qd3+ 47. Ka5 Rc8 48. b5 Qc4 49. Ka6 Qc7 50. b6 Qc6 51. Ka7 Qa8# 0-1

[Event "Litomysl"]
[Site "?"]
[Date "2018.01.29"]
[Round "1.22"]
[White "Werner, Hong Quan Dan"]
[Black "Brozka, Karel"]
[Result "0-1"]
[WhiteElo "1504"]
[BlackElo "1704"]
[PlyCount "84"]
[EventDate "2018.??.??"]

1. e4 c6 2. d4 g6 3. Nc3 Bg7 4. Be3 d5 5. Qd2 dxe4 6. Nxe4 Bf5 7. Ng3 Be6 8.
O-O-O a5 9. Kb1 b5 10. Ne4 b4 11. Nc5 Bd5 12. Ne2 Nd7 13. Nxd7 Qxd7 14. Nf4 Nf6
15. f3 Rb8 16. Be2 a4 17. b3 axb3 18. cxb3 O-O 19. Nd3 Qb7 20. g4 Ra8 21. Ne5
Qa7 22. Nc4 Bxc4 23. Bxc4 Nd5 24. Bxd5 cxd5 25. Rc1 Rfd8 26. Rc2 Qb7 27. Rhc1
e5 28. Rc7 Qa6 29. R7c6 Qa3 30. R1c2 Re8 31. Rb2 Rac8 32. Rxc8 Rxc8 33. dxe5
Bxe5 34. Bd4 Qa6 35. Rc2 Rxc2 36. Qxc2 Qf1+ 37. Qc1 Qxc1+ 38. Kxc1 Bxd4 39. Kb1
Bc3 40. a4 bxa3 41. Ka2 Bb2 42. b4 Kf8 0-1

[Event "Litomysl"]
[Site "?"]
[Date "2018.01.29"]
[Round "1.23"]
[White "Hladky, Tadeas"]
[Black "Fizer, Marek"]
[Result "0-1"]
[WhiteElo "1627"]
[BlackElo "1501"]
[PlyCount "38"]
[EventDate "2018.??.??"]

1. e4 c5 2. c3 d5 3. exd5 Qxd5 4. d4 Nf6 5. Nf3 Bg4 6. Be2 e6 7. O-O Nc6 8. Be3
Be7 9. h3 Bh5 10. c4 Qd7 11. Nc3 Bxf3 12. Bxf3 Nxd4 13. Bxd4 cxd4 14. Nb5 e5
15. Re1 a6 16. Na3 Qc7 17. Qa4+ Nd7 18. Nc2 O-O 19. Nxd4 Nc5 0-1

[Event "Litomysl"]
[Site "?"]
[Date "2018.01.29"]
[Round "1.24"]
[White "Winter, Ondrej"]
[Black "Smolik, Jachym"]
[Result "0-1"]
[WhiteElo "1483"]
[BlackElo "1605"]
[PlyCount "84"]
[EventDate "2018.??.??"]

1. e4 c5 2. Nf3 e6 3. Nc3 a6 4. d4 cxd4 5. Nxd4 Qc7 6. Be3 Nf6 7. f3 Bb4 8. Qd2
d5 9. e5 Qxe5 10. Be2 Qc7 11. a3 Bd6 12. Bg5 Nbd7 13. g3 h6 14. Be3 O-O 15.
O-O-O b5 16. g4 Ne5 17. g5 hxg5 18. Bxg5 Nc4 19. Bxc4 bxc4 20. Nce2 Nh7 21. Bf4
Bxf4 22. Nxf4 c3 23. bxc3 Qd6 24. Nb3 Qxa3+ 25. Kb1 a5 26. Rhg1 Re8 27. Qg2 Qf8
28. h4 Kh8 29. Rd2 a4 30. Nc5 g6 31. Nfd3 Ba6 32. Nxa6 Rxa6 33. Nb4 Rb6 34. Qg4
Qg7 35. Rd3 Rc8 36. Kb2 Rc4 37. Qg3 Rcxb4+ 38. Ka1 Rc4 39. f4 Qf8 40. Ka2 a3
41. h5 Rb2+ 42. Ka1 Qb8 0-1